000 00302nam a2200121Ia 4500
005 20251222143213.0
008 251222s9999||||xx |||||||||||||| ||spa||
082 _a370/N44
100 _aNérici, Imídeo Giuseppe
245 0 _aHacia una Didáctica General Dinámica
264 _bKapeluz
942 _cLIB
999 _c13530
_d13530